000 00596nam a2200181Ia 4500
003 GCL
008 140319s9999 xx 000 0 ara d
040 _aGCL /
_cGCL
082 0 4 _a658.2
_bر ا
100 1 _aرشدى محمد حمودة
245 1 0 _aالاسس الهندسية فى المشروعات الصناعية /
_cرشدى محمد حمودة
260 _a[S.N] :
_bدار الراتب الجامعية
490 _aالمكتبة المساحية
_v0
650 0 4 _aالهندسة
650 0 4 _aالهندسة الصناعية
650 0 4 _aالمشروعات
942 _2ddc
_cBK
999 _c47889
_d47889